000 00781nam a2200205Ii 4500
003 JO-AjNU
008 230605s9999||||xx |||||||||||||| ||und||
017 _a2000/430
040 _aJO-AjNU
_bara
_erda
_cJO-AjNU
041 _aara
050 1 4 _aPJ7521 2000
100 3 _aالجبوري، عدنان رشيد ,
_eauthor
_952849
245 0 0 _aمعجم كتاب وأدباء ومؤلفي أم المعارك الخالدة 1411هـ - 1419 هـ / 1990م - 1998م، الجزء الثامن
264 3 1 _aبغداد: وزارة الثقافة، 2000
300 _aج8، حرف النون 2349-2665
336 _atext
_btxt
_2rdacontent
337 _aunmediated
_bn
_2rdamedia
338 _avolume
_bnc
_2rdacarrier
650 4 _aالأدباء - المؤلفون - معاجم
_952850
999 _aA23435
_c27003
_d27003